Datum a čas kvízu
38.5
Celkem bodů
Celkový počet nahraných bodů na tomto kvízu bez doplňovacích otázek.
2.
Pořadí na kvízu
Konečné umístění týmu na tomto kvízu.
Zaznamenané odpovědi
| # | Otázka | Odpověď | Body | Výsledky |
|---|---|---|---|---|
| 1. | Od minulého čtvrtka až do 23.... | Kosmova kronika | 0 | |
| 2. | Polák Andrzej Bargiel je po ce... | Mount Everest | 1 | |
| 3. | Menší studio Voodoo Kollektiv... | Jiří Kára | 1 | |
| 4. | Ve které evropské zemi nově po... | v Itálii | 0 | |
| 5. | Který divizní tým vyřadil minu... | (FK) Nové Sady | 0 | |
| 6. | Gesto, které vidíme na obrázku... | 1B 2C 3A 4D | 0 | |
| 7. | Gesto na obrázku znamená v mno... | o stoletou válku | 1 | |
| 8. | Sheldon Cooper v Teorii velkéh... | Spocka a tapíra (ještěra) | 1 | |
| 9. | Která dvě písmena české dvouru... | B, N | 1 | |
| 10. | Na výřezu z obrazu francouzské... | paroháč (že je mu žena nevěrná) | 0 |